[Event "London Classic Open 2017"]
[Site "London ENG"]
[Date "2017.12.06"]
[Round "6.120"]
[White "Chilton, James I"]
[Black "Parry, Jacques"]
[Result "0-1"]
[WhiteElo "1772"]
[BlackElo "1596"]
[WhiteFideId "423009"]
[BlackFideId "425923"]
[EventDate "2017.12.02"]

1. e4 c5 2. Nf3 Nc6 3. d4 cxd4 4. Nxd4 g6 5. Be3 Nf6 6. Nc3 Bg7 7. Be2 d6 8. f4
O-O 9. Qd2 Ng4 10. Bxg4 Bxg4 11. h3 Bd7 12. g4 Nxd4 13. Bxd4 Bxd4 14. Qxd4 Bc6
15. O-O-O Qb6 16. Qd2 Rac8 17. f5 Qb4 18. a3 Qc4 19. Qg2 Rfd8 20. Rd3 b5 21.
Rhd1 a5 22. f6 exf6 23. Rxd6 Rxd6 24. Rxd6 b4 25. axb4 axb4 26. Nd5 Bxd5 27.
Rxd5 Qa2 28. b3 Qa1+ 29. Kd2 Rxc2+ 30. Kxc2 Qa2+ 31. Kd3 Qxg2 32. Rd4 Qxh3+ 33.
Kc4 Qc3+ 34. Kd5 Qxb3+ 35. Kc5 Qe3 36. Kc4 b3 37. Rd1 b2 0-1

[Event "London Classic Open 2017"]
[Site "London ENG"]
[Date "2017.12.06"]
[Round "6.121"]
[White "De Paolis, Fabrizio"]
[Black "Rushbrooke, Tibo"]
[Result "1-0"]
[WhiteElo "1763"]
[BlackElo "1570"]
[WhiteFideId "822027"]
[BlackFideId "433900"]
[EventDate "2017.12.02"]

1. d4 f5 2. Nc3 d5 3. Bg5 Nf6 4. Bxf6 exf6 5. e3 c6 6. Bd3 Bd6 7. Qf3 g6 8. h3
Qe7 9. Nge2 O-O 10. h4 h5 11. Nf4 Qf7 12. Rh3 Kh7 13. Nce2 Rg8 14. Ng3 Kh8 15.
a4 b6 16. a5 bxa5 17. c3 Bc7 18. Nge2 Ba6 19. Bxa6 Nxa6 20. Nc1 Rae8 21. Kf1 Re4
22. Ncd3 Rb8 23. Qe2 Rb5 24. Rg3 Bxf4 25. Nxf4 Rxf4 26. exf4 Nc7 27. Re1 Kg8 28.
Qxh5 1-0

[Event "London Classic Open 2017"]
[Site "London ENG"]
[Date "2017.12.06"]
[Round "6.122"]
[White "Lee, Chulwoo"]
[Black "Robinson, James"]
[Result "1/2-1/2"]
[WhiteElo "1607"]
[BlackElo "1754"]
[WhiteFideId "34117277"]
[BlackFideId "426784"]
[EventDate "2017.12.02"]

1. e4 e5 2. Nf3 Nc6 3. Bc4 Nf6 4. Nc3 Be7 5. d3 O-O 6. Be3 d6 7. h3 Na5 8. Bb3
c6 9. Qd2 Nxb3 10. axb3 b5 11. Rxa7 Rxa7 12. Bxa7 Qa5 13. Be3 Qa1+ 14. Qc1 Qxc1+
15. Bxc1 b4 16. Ne2 h6 17. Bd2 c5 18. O-O Bb7 19. Ra1 Ra8 20. Rxa8+ Bxa8 21. c3
bxc3 22. bxc3 Nd7 23. c4 f6 24. Nc3 Nb6 25. Nh4 Bf8 26. Nf5 Kf7 27. Nb5 Nc8 28.
Ba5 g6 29. Ne3 Bc6 30. f3 h5 31. Nd1 f5 32. Ndc3 Bh6 33. Kf2 Bd2 34. Ke2 Bg5 35.
exf5 gxf5 36. Bc7 Ke6 37. Nd1 Kd7 38. Ba5 e4 39. Nf2 exf3+ 40. gxf3 d5 41. Nc3
Kd6 42. b4 dxc4 43. dxc4 cxb4 44. Bxb4+ Ke5 45. Bc5 Nd6 46. Nd3+ Ke6 47. Be3
Bxe3 48. Kxe3 Nxc4+ 49. Kf4 Nd2 50. Ne1 Kf6 51. Ne2 Bb7 52. Ng3 h4 53. Ne2 Ba6
54. Nd4 Bf1 55. Nxf5 Bxh3 56. Nxh4 1/2-1/2

[Event "London Classic Open 2017"]
[Site "London ENG"]
[Date "2017.12.06"]
[Round "6.124"]
[White "Volovich, Julia"]
[Black "Ainsworth, George"]
[Result "1-0"]
[WhiteElo "1546"]
[BlackElo "1734"]
[WhiteFideId "447099"]
[BlackFideId "449636"]
[EventDate "2017.12.02"]

1. d4 d5 2. c4 e6 3. Nc3 c5 4. cxd5 cxd4 5. Qxd4 Nc6 6. Qd1 exd5 7. Qxd5 Be6 8.
Qxd8+ Rxd8 9. e3 Nb4 10. Bb5+ Ke7 11. Kf1 Nc2 12. Rb1 Nf6 13. b3 a6 14. Be2 b5
15. Bb2 b4 16. Na4 Ne4 17. Nf3 a5 18. Rd1 Nd6 19. Bd3 Na3 20. Nd4 Bd5 21. Rc1
Ke8 22. Nb6 Bb7 23. f3 Be7 24. Ke2 Rb8 25. Na4 f6 26. Nc5 Kf7 27. Nxb7 Nxb7 28.
Nc6 Rbc8 29. Nxe7 Kxe7 30. Rxc8 Rxc8 31. Bxh7 g6 32. Bxa3 Rc2+ 33. Kd3 Rxa2 34.
Bxb4+ axb4 35. Bxg6 Nd6 36. Kd4 Rxg2 37. Bh7 Rf2 38. f4 Nb5+ 39. Kc5 Nc3 40.
Kxb4 Nd5+ 41. Kc5 Nxe3 42. Re1 Rxh2 43. Rxe3+ Kd7 44. Bf5+ 1-0

[Event "London Classic Open 2017"]
[Site "London ENG"]
[Date "2017.12.06"]
[Round "6.125"]
[White "Islam, Mohammed"]
[Black "Lie, Terje"]
[Result "1-0"]
[WhiteElo "1731"]
[BlackElo "1527"]
[WhiteFideId "10211870"]
[BlackFideId "1504916"]
[EventDate "2017.12.02"]

1. d4 Nf6 2. Nf3 e6 3. c4 b6 4. e3 Bb7 5. Bd3 d5 6. O-O c5 7. Nc3 Be7 8. Qe2 O-O
9. b3 Ne4 10. Bb2 Nd7 11. Rad1 Ndf6 12. dxc5 Nxc3 13. Bxc3 Bxc5 14. Qb2 Qe7 15.
cxd5 Bxd5 16. e4 Bb7 17. b4 Bxf2+ 18. Qxf2 Nxe4 19. Bxe4 Bxe4 20. Qd4 f5 21. Qd7
Rfe8 22. Rfe1 Bd5 23. Qxe7 Rxe7 24. a3 Rae8 25. Be5 Ra8 26. Nd4 g5 27. Nxf5 Rd7
28. Nh6+ Kf8 29. Rf1+ Ke8 30. Ng8 Rf7 31. Nf6+ Kd8 32. Nxh7 Rxh7 33. Rf8+ Ke7
34. Rxa8 1-0

[Event "London Classic Open 2017"]
[Site "London ENG"]
[Date "2017.12.06"]
[Round "6.126"]
[White "Dror, Levi"]
[Black "McManus, Gordon"]
[Result "1-0"]
[WhiteElo "1677"]
[BlackElo "1470"]
[WhiteFideId "2809583"]
[BlackFideId "432857"]
[EventDate "2017.12.02"]

1. e4 c6 2. d4 d5 3. e5 Bf5 4. Be3 a6 5. Nd2 h6 6. Be2 e6 7. Ngf3 Nd7 8. Nb3 Bg4
9. O-O Ne7 10. c4 Bxf3 11. gxf3 Nf5 12. cxd5 cxd5 13. Rc1 Nxe3 14. fxe3 Qg5+ 15.
Kf2 Qh4+ 16. Kg2 Qg5+ 17. Kh1 Qxe3 18. Rc3 Qg5 19. Rc7 Rb8 20. Qc2 Qd8 21. Na5
b5 22. Nb7 Qg5 23. Qc6 1-0

[Event "London Classic Open 2017"]
[Site "London ENG"]
[Date "2017.12.06"]
[Round "6.128"]
[White "Thatte, Nishchal"]
[Black "Munkhdemberel, Pagamdulam"]
[Result "1-0"]
[WhiteElo "1617"]
[BlackElo "1175"]
[WhiteFideId "447234"]
[BlackFideId "4907043"]
[EventDate "2017.12.02"]

1. e4 e5 2. Nf3 Nc6 3. d4 exd4 4. Nxd4 Nf6 5. Nc3 Bb4 6. Nxc6 bxc6 7. Bd3 d5 8.
exd5 Qe7+ 9. Qe2 Qxe2+ 10. Kxe2 cxd5 11. Bg5 Be6 12. a3 Ba5 13. Bb5+ Ke7 14. b4
Bb6 15. Bc6 Rad8 16. Rad1 h6 17. Bxf6+ Kxf6 18. Bxd5 Bxd5 19. Nxd5+ Kg6 20. c4
Rhe8+ 21. Kf3 c5 22. b5 Kh7 23. Rhe1 Re6 24. Rxe6 fxe6 25. Nc3 Rf8+ 26. Ke2 Rd8
27. Na4 Rxd1 28. Kxd1 Kg6 29. Nxb6 Kf7 30. Na4 Ke7 31. Nxc5 Kd6 32. Nd3 1-0

[Event "London Classic Open 2017"]
[Site "London ENG"]
[Date "2017.12.06"]
[Round "6.129"]
[White "Haddock, Paul"]
[Black "Perez Bolanos, Joel"]
[Result "1-0"]
[WhiteElo "1576"]
[BlackElo "1519"]
[WhiteFideId "419150"]
[BlackFideId "24564419"]
[EventDate "2017.12.02"]

1. e4 c6 2. d4 d5 3. Nc3 dxe4 4. Nxe4 Bf5 5. Ng3 Bg6 6. Nf3 Qc7 7. Bc4 e6 8. Qe2
Nf6 9. O-O Bd6 10. Ne5 Nd5 11. f4 Nd7 12. Nxd7 Kxd7 13. Bxd5 cxd5 14. c3 Rae8
15. Bd2 h5 16. Qb5+ Qc6 17. Qxc6+ bxc6 18. Rfc1 Rb8 19. b3 Ba3 20. Rf1 c5 21. f5
h4 22. fxg6 hxg3 23. Rxf7+ Ke8 24. hxg3 cxd4 25. cxd4 Bb2 26. Re1 Bxd4+ 27. Be3
Bc3 28. Re2 a5 29. Ba7 Rb5 30. Rxe6+ Kd8 31. Rd6+ Ke8 32. Rc6 Bf6 33. Rc8+ Bd8
34. Bd4 1-0

[Event "London Classic Open 2017"]
[Site "London ENG"]
[Date "2017.12.06"]
[Round "6.130"]
[White "Othman, Wael"]
[Black "Levy, Christopher A"]
[Result "0-1"]
[WhiteElo "1343"]
[BlackElo "1526"]
[WhiteFideId "10302158"]
[BlackFideId "431320"]
[EventDate "2017.12.02"]

1. c4 Nf6 2. Nf3 g6 3. g3 Bg7 4. Bg2 d6 5. d3 e5 6. O-O O-O 7. Nc3 Nc6 8. Bg5
Be6 9. Nd5 h6 10. Nxf6+ Bxf6 11. Bxh6 Bg7 12. Qd2 Qd7 13. e4 Bh3 14. Qe3 f6 15.
a3 Qg4 16. Bxg7 Kxg7 17. Bxh3 Qxh3 18. Nh4 Nd4 19. Rac1 Rh8 20. f4 Rxh4 21. Kf2
Qxh2+ 22. Ke1 Rh3 23. Qf2 Qxg3 24. Qxg3 Rxg3 25. Rc3 Rh8 26. fxe5 dxe5 27. b4
Rh2 28. Kd1 Rgg2 29. b5 Ra2 30. a4 Ne2 31. Rc2 Rxc2 32. Kxc2 Ng3+ 33. Kc3 Nxf1
34. Kb4 g5 35. c5 g4 36. a5 g3 37. b6 axb6 38. axb6 cxb6 39. Kb5 Rb2+ 40. Kc4 g2
41. d4 exd4 42. Kxd4 g1=Q+ 43. Kd5 Ne3+ 0-1

[Event "London Classic Open 2017"]
[Site "London ENG"]
[Date "2017.12.07"]
[Round "7.1"]
[White "Melkumyan, Hrant"]
[Black "Hawkins, Jonathan"]
[Result "1-0"]
[WhiteTitle "GM"]
[BlackTitle "GM"]
[WhiteElo "2633"]
[BlackElo "2579"]
[WhiteFideId "13302485"]
[BlackFideId "412686"]
[EventDate "2017.12.02"]

1. d4 d5 2. c4 e6 3. Nc3 Nf6 4. Nf3 dxc4 5. e4 Bb4 6. Bxc4 Nxe4 7. O-O Nxc3 8.
bxc3 Be7 9. Qe2 O-O 10. Rd1 Nd7 11. Ne5 c5 12. Bf4 Qa5 13. d5 Qa4 14. Bg3 Nxe5
15. Bxe5 exd5 16. Bxd5 Be6 17. Bxe6 fxe6 18. Bd6 Bxd6 19. Qxe6+ Rf7 20. Qxd6 b6
21. Qd5 Re8 22. Re1 Qd7 23. Rxe8+ Qxe8 24. g3 Qe2 25. Rf1 g6 26. a4 Qf3 27. Qd2
Qe4 28. a5 b5 29. Re1 Qf5 30. Qe3 Kg7 31. Rd1 b4 32. cxb4 cxb4 33. a6 h6 34. Rd6
g5 35. h4 b3 36. Qd4+ Kh7 37. h5 g4 38. Rd8 Rg7 39. Rb8 Qxh5 40. Rxb3 Qg6 41.
Qc4 Qf7 42. Qd3+ Qg6 43. Qe2 Rf7 44. Rb4 h5 45. Rb5 Rd7 46. Qe5 Rf7 47. Rb8 Rg7
48. Kh2 Qxa6 49. Rf8 Qc6 50. Rf6 Qd7 51. Rf8 Kg6 52. Qe4+ Kg5 53. Re8 Kf6 54.
Rh8 Kf7 55. Qf4+ Ke7 56. Rh6 Ke8 57. Qf6 Qe7 58. Qc6+ Qd7 59. Qf6 Qe7 60. Rh8+
Kd7 61. Qf5+ Kc7 62. Qc8+ Kb6 63. Rh6+ Kb5 64. Qc6+ Kb4 65. Re6 1-0

[Event "London Classic Open 2017"]
[Site "London ENG"]
[Date "2017.12.07"]
[Round "7.2"]
[White "Nabaty, Tamir"]
[Black "Vakhidov, Jakhongir"]
[Result "1-0"]
[WhiteTitle "GM"]
[BlackTitle "GM"]
[WhiteElo "2657"]
[BlackElo "2500"]
[WhiteFideId "2809052"]
[BlackFideId "14201801"]
[EventDate "2017.12.02"]

1. d4 Nf6 2. Nf3 g6 3. Nbd2 Bg7 4. e4 O-O 5. e5 Nh5 6. g4 Nf4 7. Ne4 d5 8. Ng3
f5 9. Bxf4 fxg4 10. Qd2 gxf3 11. h4 h5 12. Bd3 Qe8 13. Bh6 Bg4 14. Qg5 Kh7 15.
Bxg7 Kxg7 16. Rg1 Rh8 17. Nf5+ Bxf5 18. Bxf5 Rh6 19. e6 Nc6 20. O-O-O Qf8 21.
Bxg6 Qf6 22. Bf7+ Qxg5+ 23. Rxg5+ Kh8 24. c3 Rf8 25. Rdg1 Rd8 26. b4 b5 27. Kd2
a5 28. a3 axb4 29. axb4 Rf8 30. Ke3 Kh7 31. Rg7+ Kh8 32. Rg8+ Rxg8 33. Rxg8+ Kh7
34. Kf4 Rf6+ 35. Kg5 Rh6 36. Rc8 1-0

[Event "London Classic Open 2017"]
[Site "London ENG"]
[Date "2017.12.07"]
[Round "7.3"]
[White "Grandelius, Nils"]
[Black "Handke, Florian"]
[Result "1/2-1/2"]
[WhiteTitle "GM"]
[BlackTitle "GM"]
[WhiteElo "2647"]
[BlackElo "2526"]
[WhiteFideId "1710400"]
[BlackFideId "4634527"]
[EventDate "2017.12.02"]

1. e4 c5 2. Nf3 Nc6 3. c3 Nf6 4. e5 Nd5 5. Bc4 e6 6. O-O d6 7. d4 cxd4 8. cxd4
Be7 9. exd6 Bxd6 10. Nc3 O-O 11. Re1 Nce7 12. Qd3 h6 13. Bb3 Bd7 14. Bc2 Ng6 15.
Nxd5 exd5 16. Ne5 Rc8 17. Bd2 Bxe5 18. dxe5 Re8 19. Bc3 Qh4 20. Rad1 Be6 21. g3
Qh5 22. f4 d4 23. Qxd4 Nh4 24. gxh4 Qg4+ 25. Kh1 Qf3+ 26. Kg1 Qg4+ 27. Kh1 1/2-1/2

[Event "London Classic Open 2017"]
[Site "London ENG"]
[Date "2017.12.07"]
[Round "7.4"]
[White "Kotronias, Vasilios"]
[Black "Maze, Sebastien"]
[Result "1/2-1/2"]
[WhiteTitle "GM"]
[BlackTitle "GM"]
[WhiteElo "2524"]
[BlackElo "2614"]
[WhiteFideId "5900212"]
[BlackFideId "613762"]
[EventDate "2017.12.02"]

1. e4 e5 2. Nf3 Nc6 3. Bb5 a6 4. Ba4 d6 5. c3 Bd7 6. d4 g6 7. O-O Bg7 8. h3 Nf6
9. Re1 O-O 10. Nbd2 Re8 11. Bc2 Bh6 12. Nf1 Bxc1 13. Qxc1 Kg7 14. Ng3 h6 15. Bb3
Nh7 16. Bd5 Ng5 17. Re3 Rf8 18. Bxc6 Bxc6 19. dxe5 Nxf3+ 20. Rxf3 dxe5 21. c4
Qd4 22. Re3 Rad8 23. Ne2 Qd2 24. Nc3 Qxc1+ 25. Rxc1 Rd2 26. b4 Rfd8 27. a4 Bd7
28. b5 a5 29. Ree1 Be6 30. Nd5 Rd7 31. Red1 Rxd1+ 32. Rxd1 c6 33. bxc6 bxc6 34.
Rb1 cxd5 35. cxd5 Bxd5 36. exd5 Rxd5 37. Rb5 Rxb5 38. axb5 a4 39. b6 a3 40. b7
a2 41. b8=Q a1=Q+ 42. Kh2 Qd4 43. Kg1 h5 44. h4 Qd1+ 45. Kh2 Qd4 46. Kg1 Qf4 47.
Qd6 Qe4 48. Qc5 Qd4 49. Qe7 e4 50. Kh2 Qd5 51. Kg1 Qf5 52. Qd6 Qf6 53. Qg3 Qa1+
54. Kh2 Qd4 55. Qf4 Qd5 56. Qg3 Kf6 57. Qf4+ Ke6 58. g3 Qf5 59. Qe3 Qf3 60. Qd4
Kf5 61. Qd5+ Kf6 62. Qd6+ Kg7 63. Qe5+ Qf6 64. Qc5 Qe6 65. Kg1 Qf5 66. Qd4+ Kh7
67. Qd6 g5 68. hxg5 Qxg5 69. Qd7 Qf6 70. Qd5 Qf3 71. Qg5 f6 72. Qd5 Kh6 73. Qa8
Qf5 74. Kg2 Qe6 75. Qb8 Kg6 76. Qb5 h4 77. gxh4 Qg4+ 78. Kf1 Qxh4 79. Qe8+ Kg5
80. Qg8+ Kf4 81. Qb8+ Kg4 82. Ke2 Kh3 83. Kf1 f5 84. Qg8 Qf4 85. Qh7+ Kg4 86.
Kg2 Qg5 87. Qh3+ Kf4+ 88. Kf1 Ke5 89. Qc3+ Ke6 90. Qc6+ Kf7 91. Qd7+ Kg6 92.
Qe8+ Kh7 93. Qe6 Kg7 94. Qe5+ Qf6 95. Qxf6+ Kxf6 96. f3 exf3 97. Kf2 1/2-1/2

[Event "London Classic Open 2017"]
[Site "London ENG"]
[Date "2017.12.07"]
[Round "7.5"]
[White "Moussard, Jules"]
[Black "Nihal, Sarin"]
[Result "1/2-1/2"]
[WhiteTitle "GM"]
[BlackTitle "IM"]
[WhiteElo "2576"]
[BlackElo "2507"]
[WhiteFideId "642908"]
[BlackFideId "25092340"]
[EventDate "2017.12.02"]

1. Nf3 c5 2. b3 d6 3. c4 e5 4. Nc3 f5 5. g3 Nc6 6. Bg2 g6 7. Bb2 Bg7 8. d3 Nge7
9. e3 O-O 10. O-O h6 11. Nd2 Be6 12. a3 Bf7 13. Nd5 Rb8 14. Qc2 b5 15. Bc3 Qd7
16. b4 Rfc8 17. bxc5 dxc5 18. Nxe7+ Qxe7 19. cxb5 Nd4 20. exd4 cxd4 21. Bb4 Rxc2
22. Bxe7 Rxd2 23. a4 Bf8 24. Bxf8 Kxf8 25. Rfe1 Rxd3 26. Rxe5 Rb3 27. Bf1 d3 28.
Rd1 Rd8 29. Rc5 Ra3 30. a5 d2 31. b6 axb6 32. axb6 Rb3 33. Bb5 Be8 34. Bxe8 Kxe8
35. Rc6 Kf7 36. h4 h5 37. Rc7+ Kf6 38. b7 Rd6 39. Kf1 Rb2 40. Ke2 Re6+ 41. Kd3
Reb6 42. Ke2 1/2-1/2

[Event "London Classic Open 2017"]
[Site "London ENG"]
[Date "2017.12.07"]
[Round "7.6"]
[White "Hector, Jonny"]
[Black "Donchenko, Alexander"]
[Result "1/2-1/2"]
[WhiteTitle "GM"]
[BlackTitle "GM"]
[WhiteElo "2493"]
[BlackElo "2569"]
[WhiteFideId "1700090"]
[BlackFideId "24603295"]
[EventDate "2017.12.02"]

1. e4 c6 2. Nc3 d5 3. Nf3 Nf6 4. e5 Ne4 5. d4 Nxc3 6. bxc3 c5 7. c4 Nc6 8. Be2
e6 9. O-O dxc4 10. Bxc4 cxd4 11. Qe2 Bd7 12. Rd1 Qc7 13. Rb1 Be7 14. Bf4 Rc8 15.
Bb3 Bc5 16. Ng5 Be7 17. Qh5 g6 18. Qf3 h6 19. Ne4 Nxe5 20. Qg3 f6 21. Re1 Kf7
22. Nxf6 Bxf6 23. Bxe5 Bxe5 24. Rxe5 Kg7 25. Rbe1 Rhf8 26. Qd3 Qc3 27. Qe2 Rf7
28. Bxe6 Bxe6 29. Rxe6 Qxc2 30. Qe5+ Kh7 31. Qxd4 Qxa2 32. Re7 Rg8 33. Rxf7+
Qxf7 34. Qxa7 Rg7 35. Qb6 Qc7 36. Qb4 Rf7 37. g3 Qd8 38. h4 h5 39. Qe4 Qf6 40.
Qe3 Qf5 41. Qd4 Qd7 42. Qb4 Qf5 43. Qb2 Qc8 44. Re5 Qd8 45. Qc2 Kh6 46. Rb5 Qd4
47. Rb2 Rd7 48. Rb1 Rf7 49. Re1 Qf6 50. Re8 Qa1+ 51. Kg2 Qd4 52. Qe2 Kh7 53. Qa2
Kg7 54. Re2 Qc3 55. Re3 Qd4 56. Qe2 Qd5+ 57. Kg1 Qd4 58. Re6 Qa1+ 59. Kh2 Qd4
60. f4 Rd7 61. f5 gxf5 62. Re7+ Rxe7 63. Qxe7+ Kg8 64. Qg5+ Qg7 65. Qxh5 Qf7 66.
Qg5+ Kh7 67. Qe3 b5 68. Qc5 Qa2+ 69. Kh3 Qe6 70. Qxb5 f4+ 71. Kh2 fxg3+ 72. Kxg3 1/2-1/2

[Event "London Classic Open 2017"]
[Site "London ENG"]
[Date "2017.12.07"]
[Round "7.8"]
[White "Williams, Simon K"]
[Black "Motylev, Alexander"]
[Result "0-1"]
[WhiteTitle "GM"]
[BlackTitle "GM"]
[WhiteElo "2453"]
[BlackElo "2675"]
[WhiteFideId "404454"]
[BlackFideId "4121830"]
[EventDate "2017.12.02"]

1. d4 d5 2. c4 c6 3. cxd5 cxd5 4. Nc3 Nf6 5. Bf4 Nc6 6. e3 Bg4 7. Qb3 Na5 8.
Qa4+ Bd7 9. Qd1 e6 10. Nf3 Rc8 11. Bd3 Bb4 12. O-O Nc4 13. Bxc4 dxc4 14. Ne5
Bxc3 15. bxc3 Nd5 16. Qg4 Qf6 17. Bg3 h5 18. Qe2 h4 19. e4 Nb6 20. Nxd7 Nxd7 21.
Bd6 e5 22. dxe5 Nxe5 23. Rad1 Nd3 24. e5 Qf5 25. f4 Rc6 26. Rb1 b6 27. Rb5 Kd7
28. Qf3 Rxd6 29. Qb7+ Ke6 30. Qxa7 Nxf4 31. Qe7+ Kxe7 32. exd6+ Ke6 33. Rxf5
Kxf5 34. g3 g5 35. gxf4 g4 36. Rd1 Rd8 37. Rd4 Ke6 38. Re4+ Kd5 39. Rd4+ Ke6 40.
Re4+ Kxd6 41. Rxc4 Ke6 42. Rb4 Rd1+ 43. Kf2 Rd2+ 44. Kg1 Kf5 45. a4 h3 46. Rxb6
Rg2+ 47. Kh1 Ra2 48. Kg1 Rxa4 49. Kf2 Rxf4+ 50. Kg3 Kg5 0-1

[Event "London Classic Open 2017"]
[Site "London ENG"]
[Date "2017.12.07"]
[Round "7.9"]
[White "Sargissian, Gabriel"]
[Black "Krishna, C R G"]
[Result "1-0"]
[WhiteTitle "GM"]
[BlackTitle "IM"]
[WhiteElo "2672"]
[BlackElo "2421"]
[WhiteFideId "13300881"]
[BlackFideId "5018625"]
[EventDate "2017.12.02"]

1. d4 d5 2. c4 c6 3. Nf3 Nf6 4. Nc3 a6 5. Qc2 e6 6. e4 dxe4 7. Nxe4 Nxe4 8. Qxe4
Bb4+ 9. Bd2 Bxd2+ 10. Nxd2 Nd7 11. O-O-O O-O 12. Bd3 Nf6 13. Qe5 b5 14. c5 a5
15. Ne4 Nd5 16. g4 b4 17. g5 Ba6 18. h4 Ne7 19. h5 Qd5 20. h6 Qxe5 21. dxe5 Bxd3
22. Rxd3 Rfd8 23. Rd6 Nf5 24. Rhd1 Nxd6 25. cxd6 c5 26. Ng3 f6 27. gxf6 gxf6 28.
Ne4 Kf7 29. Nxf6 Kg6 30. Kc2 Kf5 31. Re1 c4 32. Nh5 a4 33. Ng7+ Kg6 34. Nxe6 b3+
35. Kc3 Re8 36. Nc7 bxa2 37. Nxa8 Rxa8 38. e6 Rb8 39. Kc2 a3 40. bxa3 c3 41. Ra1
Kf6 42. Rxa2 Kxe6 43. a4 1-0

[Event "London Classic Open 2017"]
[Site "London ENG"]
[Date "2017.12.07"]
[Round "7.10"]
[White "Cornette, Matthieu"]
[Black "Ladron De Guevara Pinto, Paolo"]
[Result "1-0"]
[WhiteTitle "GM"]
[BlackTitle "IM"]
[WhiteElo "2606"]
[BlackElo "2422"]
[WhiteFideId "620084"]
[BlackFideId "2290847"]
[EventDate "2017.12.02"]

1. e4 e5 2. Nf3 Nc6 3. Bb5 g6 4. d4 exd4 5. c3 dxc3 6. Nxc3 h6 7. O-O Bg7 8. Bd2
Nge7 9. Qc1 d6 10. Nd5 Kf8 11. Bc3 Nxd5 12. Bxg7+ Kxg7 13. exd5 Ne7 14. Qc3+ Kh7
15. Rfd1 Bd7 16. Bxd7 Qxd7 17. Rac1 Rac8 18. Qf6 Rhf8 19. Rc4 Ng8 20. Qd4 b6 21.
Qc3 Rfe8 22. h4 Re7 23. g3 b5 24. Rf4 c5 25. dxc6 Qxc6 26. Qb3 Qc7 27. h5 a6 28.
Qd3 Re6 29. Kg2 Kg7 30. hxg6 fxg6 31. Qd4+ Nf6 32. Re1 Qf7 33. Rxe6 Qxe6 34.
Qa7+ Qd7 35. Qxa6 Rc2 36. Qb6 Rc5 37. Rd4 Nd5 38. Qa6 Rc6 39. Qa5 Qc7 40. Qxb5
Ne7 41. Re4 Rc5 42. Qe8 1-0

[Event "London Classic Open 2017"]
[Site "London ENG"]
[Date "2017.12.07"]
[Round "7.11"]
[White "Henderson de La Fuente, Lance"]
[Black "Mikhalevski, Victor"]
[Result "1/2-1/2"]
[BlackTitle "GM"]
[WhiteElo "2419"]
[BlackElo "2545"]
[WhiteFideId "32096585"]
[BlackFideId "2801914"]
[EventDate "2017.12.02"]

1. e4 e5 2. Nf3 Nc6 3. Bb5 a6 4. Ba4 g6 5. d4 exd4 6. Bg5 Be7 7. Bxe7 Ngxe7 8.
Nxd4 b5 9. Nxc6 Nxc6 10. Bb3 O-O 11. O-O Na5 12. Nc3 Bb7 13. Qd2 d6 14. Rfe1 Re8
15. Rad1 Nxb3 16. axb3 Qf6 17. b4 Re6 18. f3 Rae8 19. Qf2 Qe7 20. Ne2 Qd7 21.
Nf4 R6e7 22. Qh4 Qd8 23. Qg3 Rd7 24. Qh3 Rde7 25. Qg3 Rd7 26. Qf2 Qg5 27. Qg3 1/2-1/2

[Event "London Classic Open 2017"]
[Site "London ENG"]
[Date "2017.12.07"]
[Round "7.12"]
[White "Stany, G.A."]
[Black "Bartholomew, John"]
[Result "1-0"]
[WhiteTitle "IM"]
[BlackTitle "IM"]
[WhiteElo "2502"]
[BlackElo "2448"]
[WhiteFideId "5029104"]
[BlackFideId "2019353"]
[EventDate "2017.12.02"]

1. e4 c5 2. Nf3 d6 3. d4 cxd4 4. Nxd4 Nf6 5. Nc3 Nc6 6. f3 e5 7. Nb3 Be7 8. Be3
O-O 9. Qd2 a5 10. Bb5 Be6 11. Rd1 Na7 12. Bd3 Nc6 13. Bb5 Na7 14. Bd3 Nc6 15. a3
a4 16. Nc1 Qa5 17. O-O Rfc8 18. Qf2 Nd4 19. Kh1 d5 20. exd5 Bxd5 21. f4 Be6 22.
h3 Nd7 23. fxe5 Nc6 24. Bf5 Ndxe5 25. Bb6 Qa6 26. Nd5 Bxd5 27. Rxd5 Qc4 28. Bxc8
Qxd5 29. Bxb7 Rb8 30. Bxc6 Nxc6 31. Nd3 Bf6 32. Qe3 Qb5 33. Bc5 Qc4 34. Rf2 h6
35. Qf4 Qb5 36. Qe4 Rd8 37. Rf5 Qa6 38. Rd5 Rxd5 39. Qxd5 Qc8 40. Qe4 Ne5 41.
Nxe5 Qxc5 42. Nd7 Qd6 43. Nxf6+ Qxf6 44. Qxa4 Qxb2 45. Qe8+ Kh7 46. Qxf7 Qxc2
47. Qf4 g5 48. Qf7+ Kh8 49. Kh2 Qb2 50. Qe8+ Kg7 51. Qd7+ Kg6 52. Qd6+ Kg7 53.
Qc7+ Kg6 54. a4 Qa1 55. a5 h5 56. Qd6+ Kf5 57. Qf8+ Kg6 58. Qe8+ Kh6 59. Qe6+
Kg7 60. Qd7+ Kg6 61. Qd6+ Kf5 62. a6 Qa5 63. Qd3+ Kf6 64. Qd4+ Kg6 65. a7 Qc7+
66. Kh1 Qc1+ 67. Qg1 Qa3 68. Qb1+ Kf6 69. Qb8 g4 70. a8=Q Qc1+ 71. Kh2 1-0

[Event "London Classic Open 2017"]
[Site "London ENG"]
[Date "2017.12.07"]
[Round "7.13"]
[White "Arkell, Keith C"]
[Black "Fernandez, Daniel Howard"]
[Result "1/2-1/2"]
[WhiteTitle "GM"]
[BlackTitle "GM"]
[WhiteElo "2416"]
[BlackElo "2500"]
[WhiteFideId "400270"]
[BlackFideId "5801605"]
[EventDate "2017.12.02"]

1. d4 e6 2. Nf3 Nf6 3. c4 Bb4+ 4. Bd2 c5 5. Bxb4 cxb4 6. a3 bxa3 7. Rxa3 O-O 8.
Nc3 b6 9. g3 Bb7 10. Bg2 Ne4 11. Nxe4 Bxe4 12. O-O Nc6 13. Qd2 a5 14. Rd1 Nb4
15. Ne5 Bxg2 16. Kxg2 Rc8 17. Rc3 b5 18. cxb5 Rb8 19. Ra1 Rxb5 20. Rc5 Qb8 21.
Rxa5 Rxc5 22. dxc5 Qxe5 23. Qxb4 Qxe2 24. Qb7 h5 25. Ra8 Rxa8 26. Qxa8+ Kh7 27.
Qb7 h4 28. gxh4 1/2-1/2

[Event "London Classic Open 2017"]
[Site "London ENG"]
[Date "2017.12.07"]
[Round "7.14"]
[White "Munguntuul, Batkhuyag"]
[Black "Bellaiche, Anthony"]
[Result "1-0"]
[WhiteTitle "IM"]
[BlackTitle "IM"]
[WhiteElo "2397"]
[BlackElo "2499"]
[WhiteFideId "4900758"]
[BlackFideId "615668"]
[EventDate "2017.12.02"]

1. e4 c5 2. Nf3 e6 3. d4 cxd4 4. Nxd4 Nc6 5. Nc3 Qc7 6. Be3 a6 7. Be2 Nf6 8. O-O
d6 9. f4 Be7 10. Kh1 O-O 11. Qe1 Nxd4 12. Bxd4 b5 13. a3 Bb7 14. Qg3 Rad8 15.
Bd3 Rd7 16. Rae1 Re8 17. a4 b4 18. Na2 Qa5 19. b3 Bd8 20. Qf2 d5 21. Bxf6 gxf6
22. f5 e5 23. Qh4 Kh8 24. exd5 Qxd5 25. Re4 a5 26. Nc1 Rg8 27. Ne2 Qc5 28. Rg4
Rxg4 29. Qxg4 Qe3 30. Ng3 Rd4 31. Qh5 Bd5 32. Ne2 e4 33. Bb5 Rd2 34. Nf4 Kg7 35.
Nxd5 Rxd5 36. Be8 Qa7 37. Bc6 Rd4 38. Qg4+ Kf8 39. Bxe4 Qe7 40. Re1 Qe5 41. Qf3
Bc7 42. g3 h5 43. Re2 Rd1+ 44. Kg2 h4 45. Bc6 Qd4 46. Re8+ Kg7 47. Re4 Qg1+ 48.
Kh3 Rd8 49. Rxh4 Be5 50. Bd5 Rd7 51. Bc4 Rd2 52. Rh7+ 1-0